[Event "SPICE Cup Open 2018"]
[Site "Saint Louis USA"]
[Date "2018.10.25"]
[Round "5.11"]
[White "Wang, Tianqi"]
[Black "Daggupati, Balaji"]
[Result "0-1"]
[BlackTitle "FM"]
[WhiteElo "2346"]
[BlackElo "2202"]
[WhiteFideId "2063824"]
[BlackFideId "2090759"]
[EventDate "2018.10.23"]

1. Nf3 d5 2. e3 Nf6 3. c4 c6 4. b3 e6 5. Bb2 Bd6 6. Qc2 Nbd7 7. Nc3 b6 8. Be2
Bb7 9. d4 O-O 10. O-O Qe7 11. Rac1 Rac8 12. Qb1 Rfd8 13. Rfd1 h6 14. h3 Ba3 15.
cxd5 Bxb2 16. Qxb2 cxd5 17. b4 Ne8 18. Qb3 Nd6 19. Nb5 Ba6 20. Rxc8 Nxc8 21. Qa4
Nb8 22. Rc1 Qe8 23. Ne5 Nd6 24. Nc6 Bxb5 25. Bxb5 Rc8 26. Rc2 a6 27. Nxb8 axb5
28. Rxc8 Qxc8 29. Qa7 Ne4 30. Nd7 Nd2 31. h4 Kh7 32. Ne5 Qc1+ 33. Kh2 Nf1+ 34.
Kh3 Nxe3 35. fxe3 Qh1+ 36. Kg3 Qe1+ 37. Kf3 Qf1+ 38. Kg3 Qe1+ 39. Kg4 f5+ 40.
Kh5 Qe2+ 41. g4 fxg4 42. Qf7 g3+ 43. Qf3 Qc2 44. Qf7 Qf5+ 0-1

[Event "SPICE Cup Open 2018"]
[Site "Saint Louis USA"]
[Date "2018.10.25"]
[Round "5.12"]
[White "Chandra, Akshat"]
[Black "Moon, Benjamin"]
[Result "1-0"]
[WhiteTitle "GM"]
[WhiteElo "2471"]
[BlackElo "2304"]
[WhiteFideId "25006711"]
[BlackFideId "2064847"]
[EventDate "2018.10.23"]

1. d4 d5 2. c4 c6 3. Nf3 Nf6 4. Nc3 a6 5. e3 Bf5 6. Be2 h6 7. Bd3 Bxd3 8. Qxd3
e6 9. O-O Bb4 10. Bd2 O-O 11. Rfd1 a5 12. b3 Nbd7 13. a3 Be7 14. e4 dxe4 15.
Nxe4 Nxe4 16. Qxe4 Nf6 17. Qe2 Qb6 18. h3 Rad8 19. Be3 Qa6 20. a4 1-0

[Event "SPICE Cup Open 2018"]
[Site "Saint Louis USA"]
[Date "2018.10.25"]
[Round "5.13"]
[White "Kiewra, Keaton"]
[Black "Betaneli, Alexander"]
[Result "1-0"]
[WhiteTitle "IM"]
[BlackTitle "FM"]
[WhiteElo "2375"]
[BlackElo "2272"]
[WhiteFideId "2019280"]
[BlackFideId "2012359"]
[EventDate "2018.10.23"]

1. Nf3 d5 2. e3 Nf6 3. c4 e6 4. b3 Be7 5. Bb2 O-O 6. d4 b6 7. Bd3 c5 8. O-O cxd4
9. exd4 Bb7 10. Nbd2 Nbd7 11. Qe2 Rc8 12. Rad1 Rc7 13. Ne5 Re8 14. f4 Bf8 15.
Rde1 g6 16. Qe3 dxc4 17. bxc4 Nc5 18. Bc2 b5 19. Qc3 Na6 20. c5 Nxc5 21. dxc5
Rxc5 22. Ndc4 bxc4 23. Ng4 Bg7 24. Nxf6+ Bxf6 25. Qxf6 c3 26. Qxd8 Rxd8 27. Bc1
Rd2 28. Rf2 Rxf2 29. Kxf2 Bd5 30. a4 a5 31. g3 Rc4 32. Ke3 Bc6 33. Kd3 Rc5 34.
Be3 1-0

[Event "SPICE Cup Open 2018"]
[Site "Saint Louis USA"]
[Date "2018.10.25"]
[Round "5.14"]
[White "Peng, David"]
[Black "Watson, John"]
[Result "1-0"]
[WhiteTitle "FM"]
[BlackTitle "IM"]
[WhiteElo "2341"]
[BlackElo "2203"]
[WhiteFideId "2059355"]
[BlackFideId "2000768"]
[EventDate "2018.10.23"]

1. e4 e6 2. d4 d5 3. Nd2 Nf6 4. e5 Nfd7 5. f4 c5 6. Ngf3 Nc6 7. c3 Qb6 8. Nb3 a5
9. a4 f6 10. Bb5 cxd4 11. Nbxd4 Nxd4 12. Nxd4 Bc5 13. exf6 gxf6 14. Qh5+ Kd8 15.
Be3 e5 16. fxe5 fxe5 17. Qg5+ Be7 18. Qf5 exd4 19. Bxd4 Nc5 20. Qxd5+ Bd6 21.
Bxh8 Be6 22. Qg5+ Kc7 23. Bd4 Rg8 24. Qe3 Bd7 25. O-O 1-0

[Event "SPICE Cup Open 2018"]
[Site "Saint Louis USA"]
[Date "2018.10.25"]
[Round "5.15"]
[White "Narayanan, Samrug"]
[Black "Colas, Joshua"]
[Result "1/2-1/2"]
[BlackTitle "FM"]
[WhiteElo "2145"]
[BlackElo "2334"]
[WhiteFideId "30914051"]
[BlackFideId "2044447"]
[EventDate "2018.10.23"]

1. e4 c6 2. d4 d5 3. e5 Bf5 4. h4 h5 5. Bd3 Bxd3 6. Qxd3 e6 7. Bg5 Qb6 8. Nd2
Ne7 9. Ne2 Nf5 10. O-O Qa6 11. c4 Nd7 12. g3 Nb6 13. b3 Be7 14. Bxe7 Nxe7 15. a4
Nd7 16. b4 Qb6 17. c5 Qd8 18. b5 Rc8 19. a5 Nf5 20. Nf3 Nb8 21. Nc3 O-O 22. Rfb1
f6 23. bxc6 Nxc6 24. Rxb7 fxe5 25. dxe5 d4 26. Ne4 Qd5 27. Rab1 Nxa5 28. Rxa7
Nc6 29. Rab7 Nxe5 30. Nxe5 Qxe5 31. Rd7 Rb8 32. f4 Rxb1+ 33. Qxb1 Qb8 34. Qxb8
Rxb8 35. c6 Rb1+ 36. Kf2 Rc1 37. Ng5 Rc2+ 38. Kg1 Rc1+ 39. Kh2 Kf8 40. c7 Ke8
41. Rd8+ Ke7 42. c8=Q Rxc8 43. Rxc8 d3 44. Ne4 Nd6 45. Rc7+ Kd8 46. Rc3 Nxe4 47.
Rxd3+ Ke7 48. Kg2 Nd6 49. Kh3 Ne4 50. Re3 Nf2+ 51. Kg2 Ng4 52. Ra3 Kf6 53. Kf3
Nh6 54. Ra8 Nf5 55. Rh8 g6 56. Rh7 Nd4+ 57. Kg2 Nf5 58. Rd7 Ne3+ 59. Kf3 Nf5 60.
g4 hxg4+ 61. Kxg4 Nh6+ 62. Kf3 Nf5 63. Rh7 Nd4+ 64. Kg4 Nf5 65. h5 gxh5+ 66.
Rxh5 Ne3+ 67. Kf3 Nf5 68. Rh8 Kg7 69. Ra8 Kf6 70. Ra3 Nd6 71. Rd3 Nf5 72. Ke4
Nh6 73. Rd8 Nf5 74. Rf8+ Ke7 75. Rb8 Kf6 76. Kf3 Nd4+ 77. Kg4 Nf5 78. Kh5 Ng7+
79. Kh6 Nf5+ 80. Kh7 Kf7 81. Ra8 Nd4 82. Kh6 Kf6 83. Kh7 Kf7 84. Ra7+ Kf6 85.
Kh6 Ne2 86. Ra6 1/2-1/2

[Event "SPICE Cup Open 2018"]
[Site "Saint Louis USA"]
[Date "2018.10.25"]
[Round "5.16"]
[White "Yanayt, Eugene"]
[Black "Grabinsky, Aaron"]
[Result "1-0"]
[WhiteTitle "FM"]
[WhiteElo "2137"]
[BlackElo "2375"]
[WhiteFideId "2020165"]
[BlackFideId "2087090"]
[EventDate "2018.10.23"]

1. d4 Nf6 2. c4 e6 3. Nf3 Bb4+ 4. Nbd2 O-O 5. a3 Be7 6. e4 d6 7. Be2 Nbd7 8. Qc2
e5 9. O-O a5 10. Nb1 exd4 11. Nxd4 Nc5 12. Nc3 a4 13. Kh1 Re8 14. f3 c6 15. Be3
Qa5 16. Rad1 Bf8 17. Bf4 g6 18. g4 h5 19. h3 hxg4 20. hxg4 Ne6 21. Nxe6 Bxe6 22.
Qd2 Nd7 23. Bxd6 Bxd6 24. Qxd6 Ne5 25. c5 Bb3 26. Rde1 Rad8 27. Qf6 Qxc5 28. Kg2
Qe7 29. Qf4 g5 30. Qh2 Ng6 31. Rh1 Nh4+ 32. Kf1 Rd2 33. f4 Qf6 34. Qf2 Ng6 35.
e5 Qxf4 36. Qxf4 gxf4 37. Ne4 Bd5 38. Nxd2 Bxh1 39. Bf3 Bxf3 40. Nxf3 Rd8 41. e6
f6 42. Re4 c5 43. Rxa4 Re8 44. Re4 Kf8 45. Nd2 Ke7 46. Nc4 b5 47. Nb6 Ne5 48.
Nd5+ Kd6 49. Nxf4 Nxg4 50. Re2 c4 51. Kg2 f5 52. Rd2+ Ke5 53. Kg3 Nf6 54. Kf3
Ne4 55. Rd5+ Kf6 56. Rxb5 Rg8 57. Ne2 Ng5+ 58. Ke3 Nxe6 59. Rb6 Ke5 60. Rb5+ Kf6
61. Rb6 Ke7 62. Nf4 Nc7 63. Kd4 Kd7 64. Ke5 Re8+ 65. Kxf5 Rf8+ 66. Ke5 Rxf4 67.
Rd6+ Ke7 68. Rc6 Rf2 69. Rxc7+ Kd8 70. Rb7 Rc2 71. Kd4 Kc8 72. Rb4 Kd7 73. a4
Kd6 74. a5 c3 75. Rb6+ Kc7 76. b4 Rc1 77. Rb5 c2 78. Kc3 Kc6 79. Kb2 Rh1 80.
Rc5+ Kb7 81. Kxc2 Rh3 82. Rc3 Rh4 83. Kb3 Ka6 84. Rc6+ Kb7 85. Rg6 Ka7 86. Ka4
Rh5 87. Rg7+ Ka8 88. a6 Rh6 89. Ka5 Rh5+ 90. b5 Rf5 91. Rd7 Rg5 92. Kb6 Rg6+ 93.
Kc5 Rg5+ 94. Kc6 Rg6+ 95. Rd6 Rg8 96. b6 Rc8+ 97. Kd7 Rc2 98. Rc6 Rd2+ 99. Kc8
Rb2 100. b7+ Ka7 101. Rc7 1-0

[Event "SPICE Cup Open 2018"]
[Site "Saint Louis USA"]
[Date "2018.10.25"]
[Round "5.17"]
[White "Shoykhet, Benjamin"]
[Black "Polavaram, Rithik"]
[Result "0-1"]
[WhiteElo "1855"]
[BlackElo "2069"]
[WhiteFideId "30919746"]
[BlackFideId "2081997"]
[EventDate "2018.10.23"]

1. c4 Nf6 2. g3 e6 3. Bg2 d5 4. Nf3 Be7 5. O-O O-O 6. d4 dxc4 7. Ne5 Nc6 8. Nxc6
bxc6 9. Bxc6 Rb8 10. Na3 Bxa3 11. bxa3 Nd5 12. Qc2 Ba6 13. Bd2 Qd6 14. Bxd5 Qxd5
15. Bc3 Bb7 16. f3 c5 17. Rfd1 Rfd8 18. Kg2 Rdc8 19. Rab1 f6 20. dxc5 Qxc5 21.
Rd7 Rc7 22. Bb4 Qc6 23. Rd6 Qe8 24. Rbd1 f5 25. Ba5 Rcc8 26. Rd7 Bc6 27. Rxa7
Ba4 28. Qc3 Qf8 29. Rd2 Qf6 30. Qe3 c3 31. Rd3 f4 32. Qc1 c2 33. Bb4 Be8 34. Rb3
Bg6 35. Bc3 e5 36. Qb2 Rxb3 37. Qxb3+ Kh8 38. Qb7 Rg8 39. Qb2 Re8 40. Ra5 fxg3
41. hxg3 Qg5 42. f4 Qh5 43. Rxe5 Rxe5 44. fxe5 Qxe2+ 45. Kg1 Qe3+ 46. Kg2 Be4+
47. Kh3 h5 48. Qb8+ Kh7 49. Bb2 Bf5+ 50. Kg2 Qe2+ 51. Kg1 Be4 0-1

[Event "SPICE Cup Open 2018"]
[Site "Saint Louis USA"]
[Date "2018.10.25"]
[Round "5.18"]
[White "Gosdin, Kaleb"]
[Black "Williams, Justus"]
[Result "0-1"]
[BlackTitle "FM"]
[WhiteElo "2029"]
[BlackElo "2344"]
[WhiteFideId "30920442"]
[BlackFideId "2049929"]
[EventDate "2018.10.23"]

1. d4 e6 2. c4 Bb4+ 3. Nc3 c5 4. e3 Nf6 5. Ne2 b6 6. a3 Ba5 7. Rb1 Na6 8. Qa4
Bb7 9. b4 Bc6 10. b5 Be4 11. Rb2 Nb8 12. Bd2 Bb7 13. dxc5 bxc5 14. Nf4 O-O 15.
Be2 Bc7 16. Nd3 d6 17. O-O Nbd7 18. Nf4 d5 19. cxd5 exd5 20. Qc2 Re8 21. Bc1 Qe7
22. Bf3 Nb6 23. Qf5 Rad8 24. Nce2 Nc4 25. Rc2 Ne5 26. Bb2 Bc8 27. Qg5 h6 28. Qh4
Bf5 29. Rd2 d4 30. Ng3 Bh7 31. Nfh5 Nxh5 32. Qxh5 Bg6 33. Qh3 Nc4 0-1

[Event "SPICE Cup Open 2018"]
[Site "Saint Louis USA"]
[Date "2018.10.26"]
[Round "6.1"]
[White "Gledura, Benjamin"]
[Black "Cori, Jorge"]
[Result "1/2-1/2"]
[WhiteTitle "GM"]
[BlackTitle "GM"]
[WhiteElo "2621"]
[BlackElo "2664"]
[WhiteFideId "712779"]
[BlackFideId "3802272"]
[EventDate "2018.10.23"]

1. Nf3 d5 2. d4 Nf6 3. c4 c6 4. e3 Bf5 5. Nc3 e6 6. Nh4 Bg6 7. Nxg6 hxg6 8. g3
Nbd7 9. Qd3 dxc4 10. Qxc4 e5 11. Bg2 Nb6 12. Qe2 exd4 13. exd4+ Be7 14. O-O O-O
15. Bg5 Re8 16. Rad1 Nfd5 17. Bxe7 Rxe7 18. Qd2 Qd6 19. Rfe1 Rae8 20. Rxe7 Rxe7
21. Nxd5 Nxd5 22. Re1 a6 23. Bxd5 Rxe1+ 24. Qxe1 Qxd5 25. Qe7 Qxa2 26. Qd8+ Kh7
27. Qh4+ Kg8 28. Qd8+ 1/2-1/2

[Event "SPICE Cup Open 2018"]
[Site "Saint Louis USA"]
[Date "2018.10.26"]
[Round "6.2"]
[White "Bruzon Batista, Lazaro"]
[Black "Liang, Awonder"]
[Result "1/2-1/2"]
[WhiteTitle "GM"]
[BlackTitle "GM"]
[WhiteElo "2653"]
[BlackElo "2572"]
[WhiteFideId "3503739"]
[BlackFideId "2056437"]
[EventDate "2018.10.23"]

1. d4 Nf6 2. Nf3 e6 3. c4 d5 4. Bg5 dxc4 5. Nc3 a6 6. a4 Nc6 7. e3 Na5 8. Nd2 c5
9. Bxf6 Qxf6 10. d5 Qg6 11. Qf3 exd5 12. Nxd5 Bd6 13. h3 O-O 14. Nxc4 Nxc4 15.
Bxc4 Bf5 16. Nc3 Be5 17. O-O 1/2-1/2

[Event "SPICE Cup Open 2018"]
[Site "Saint Louis USA"]
[Date "2018.10.26"]
[Round "6.3"]
[White "Prohaszka, Peter2"]
[Black "Bok, Benjamin"]
[Result "1/2-1/2"]
[WhiteTitle "GM"]
[BlackTitle "GM"]
[WhiteElo "2626"]
[BlackElo "2639"]
[WhiteFideId "726265"]
[BlackFideId "1017063"]
[EventDate "2018.10.23"]

1. d4 d5 2. c4 e6 3. Nf3 Nf6 4. g3 Bb4+ 5. Nc3 O-O 6. Bg2 dxc4 7. O-O Nc6 8. Qa4
Nd5 9. Qc2 Be7 10. Rd1 Rb8 11. Ne5 Nxe5 12. dxe5 c6 13. Ne4 Qc7 14. Nd6 Bxd6 15.
exd6 Qxd6 16. Qxc4 e5 17. Bxd5 Be6 18. Be3 cxd5 19. Bxa7 Ra8 20. Bc5 Qc6 21. Qc1
Rfc8 22. Ba3 f6 23. Qxc6 Rxc6 24. Rdc1 Rxc1+ 25. Rxc1 d4 26. Rc7 b5 27. f4 exf4
28. gxf4 Bxa2 29. Bc5 Re8 30. Re7 Rd8 31. Re4 d3 32. exd3 Rxd3 33. Rd4 Rxd4 34.
Bxd4 Kf7 35. Kf2 Ke6 36. b4 Bd5 37. Kg3 h5 38. h4 g6 1/2-1/2

[Event "SPICE Cup Open 2018"]
[Site "Saint Louis USA"]
[Date "2018.10.26"]
[Round "6.4"]
[White "Durarbayli, Vasif"]
[Black "Patel, Advait"]
[Result "1/2-1/2"]
[WhiteTitle "GM"]
[BlackTitle "IM"]
[WhiteElo "2629"]
[BlackElo "2461"]
[WhiteFideId "13402935"]
[BlackFideId "2075105"]
[EventDate "2018.10.23"]

1. d4 Nf6 2. Nf3 g6 3. g3 c5 4. d5 b5 5. Bg2 Bg7 6. O-O Bb7 7. c4 d6 8. Nc3 b4
9. Na4 O-O 10. a3 a5 11. Bf4 Nbd7 12. Qc1 Re8 13. Bh6 Bh8 14. Bh3 Bc8 15. axb4
axb4 16. Qf4 Ne5 17. Bxc8 Nxf3+ 18. exf3 Rxc8 19. Rad1 Nd7 20. b3 Ne5 21. Kg2 e6
22. h4 exd5 23. Rxd5 Re6 24. Rfd1 Qc7 25. Qd2 Qc6 26. Nb2 Rce8 27. Bf4 Ra8 28.
Nd3 Nxd3 29. Qxd3 Bd4 30. h5 Ra2 31. Rd2 Rxd2 32. Qxd2 Qe8 33. h6 Qe7 34. Rxd4
cxd4 35. Qxd4 f6 36. Qd5 Kf7 37. Bd2 Qa7 38. Bxb4 Qb6 39. Ba3 Qa6 40. Bb2 Qa2
41. Qb7+ Re7 42. Qd5+ Re6 43. c5 dxc5 44. Bc1 Qa6 45. Be3 Qc6 46. Qc4 g5 47. Qc2
Kg8 48. g4 Re5 49. Bd4 Rd5 50. Qc4 Kf7 51. b4 Kg6 52. Bxc5 f5 53. gxf5+ Rxf5 54.
Qe4 Qxe4 55. fxe4 Rf4 56. f3 g4 57. Kg3 Rxf3+ 58. Kxg4 Rf1 59. b5 Kxh6 60. b6
Kg6 61. Bd6 h5+ 62. Kg3 h4+ 63. Kxh4 Rb1 64. Bc7 Rb4 65. Kg3 Rxe4 66. b7 Rb4 67.
b8=Q Rxb8 68. Bxb8 1/2-1/2

[Event "SPICE Cup Open 2018"]
[Site "Saint Louis USA"]
[Date "2018.10.26"]
[Round "6.5"]
[White "Shimanov, Aleksandr"]
[Black "Lenderman, Aleksandr"]
[Result "1/2-1/2"]
[WhiteTitle "GM"]
[BlackTitle "GM"]
[WhiteElo "2626"]
[BlackElo "2626"]
[WhiteFideId "4198603"]
[BlackFideId "2021285"]
[EventDate "2018.10.23"]

1. d4 Nf6 2. Bg5 d5 3. e3 c5 4. Bxf6 gxf6 5. dxc5 e6 6. Nf3 Bxc5 7. Be2 Nc6 8.
O-O O-O 9. c4 dxc4 10. Qa4 Qe7 11. Qxc4 b6 12. Nc3 Bb7 13. Qh4 Nb4 14. Rfd1 Rfd8
15. a3 Nd5 16. Nxd5 Rxd5 17. b4 Bd6 18. e4 Rxd1+ 19. Rxd1 Kg7 20. e5 1/2-1/2

[Event "SPICE Cup Open 2018"]
[Site "Saint Louis USA"]
[Date "2018.10.26"]
[Round "6.6"]
[White "Daggupati, Balaji"]
[Black "Nyzhnyk, Illya"]
[Result "0-1"]
[WhiteTitle "FM"]
[BlackTitle "GM"]
[WhiteElo "2202"]
[BlackElo "2626"]
[WhiteFideId "2090759"]
[BlackFideId "14118084"]
[EventDate "2018.10.23"]

1. e4 c6 2. Ne2 d5 3. e5 c5 4. d4 Nc6 5. c3 cxd4 6. cxd4 Bf5 7. Nbc3 e6 8. Ng3
Bg6 9. Bd3 Qb6 10. Bxg6 hxg6 11. Nge2 Nh6 12. Bxh6 Rxh6 13. O-O Be7 14. Rc1 g5
15. Na4 Qc7 16. Nc5 Nxe5 17. Ng3 Nc6 18. Re1 Rh4 19. b4 a6 20. Qa4 Rc8 21. b5
Rxd4 22. Qc2 Rc4 23. Nxe6 fxe6 24. Qg6+ Kf8 25. Rxc4 dxc4 26. bxc6 c3 27. Nh5
Bd6 28. Rxe6 Qf7 29. cxb7 Rb8 30. Re8+ Rxe8 31. Qxd6+ Kg8 32. b8=Q c2 33. Qxe8+
Qxe8 34. Qd2 Qe5 35. g4 Qa1+ 36. Kg2 c1=Q 37. Qd5+ Kh7 38. Ng3 g6 39. Qf7+ Qg7
40. Qe6 Qb7+ 41. Kh3 Qf4 0-1

[Event "SPICE Cup Open 2018"]
[Site "Saint Louis USA"]
[Date "2018.10.26"]
[Round "6.7"]
[White "Tang, Andrew"]
[Black "Escalante Ramirez, Brian Sebasti"]
[Result "1-0"]
[WhiteTitle "GM"]
[BlackTitle "IM"]
[WhiteElo "2469"]
[BlackElo "2442"]
[WhiteFideId "2059630"]
[BlackFideId "3819566"]
[EventDate "2018.10.23"]

1. d4 Nf6 2. Nf3 g6 3. Nbd2 Bg7 4. e4 d6 5. Bd3 O-O 6. O-O Nc6 7. c3 e5 8. Re1
a5 9. dxe5 dxe5 10. Nc4 Qe7 11. Bg5 h6 12. Bh4 Rd8 13. Qc2 Bg4 14. Be2 Qc5 15.
Ne3 Be6 16. a4 Rd6 17. Nd2 Nb4 18. Qc1 Nd3 19. Bxd3 Rxd3 20. Qc2 Rd7 21. Rad1
Rad8 22. f3 Qc6 23. b3 Qb6 24. Kh1 Qa6 25. Nec4 Bxc4 26. Nxc4 Re8 27. Bxf6 Rxd1
28. Qxd1 Bxf6 29. Qd7 Re7 30. Qd5 Qa7 31. Rd1 Qf2 32. Nxa5 Re8 33. Nxb7 Rb8 34.
a5 Qe2 35. a6 Qxa6 36. Nc5 Qe2 37. Nd7 c6 38. Nxf6+ Kg7 39. Qd6 Rxb3 40. Nd7 1-0

[Event "SPICE Cup Open 2018"]
[Site "Saint Louis USA"]
[Date "2018.10.26"]
[Round "6.8"]
[White "Quesada Perez, Yuniesky"]
[Black "Santarius, Erik"]
[Result "1-0"]
[WhiteTitle "GM"]
[BlackTitle "IM"]
[WhiteElo "2622"]
[BlackElo "2404"]
[WhiteFideId "3504409"]
[BlackFideId "2025817"]
[EventDate "2018.10.23"]

1. e4 c6 2. d4 d5 3. e5 c5 4. dxc5 e6 5. a3 Bxc5 6. Nf3 a6 7. Bd3 Ne7 8. Qe2 Ng6
9. h4 f5 10. h5 Ne7 11. h6 g6 12. Bg5 Nd7 13. O-O Qc7 14. c4 Nc6 15. Re1 O-O 16.
cxd5 exd5 17. Nc3 Nb6 18. Rac1 Be7 19. Bxe7 Qxe7 20. Qe3 Qd8 21. Ne2 f4 22. Nxf4
d4 23. Qd2 Bg4 24. Nh2 Qg5 25. Nxg4 Qxg4 26. Nh3 Rae8 27. Re4 Qh5 28. e6 Qd5 29.
Rce1 Re7 30. Qe2 Na4 31. Rf4 Nc5 32. Bc4 Qd6 33. Rxf8+ Kxf8 34. Qf3+ Kg8 35.
Qf7+ 1-0

[Event "SPICE Cup Open 2018"]
[Site "Saint Louis USA"]
[Date "2018.10.26"]
[Round "6.9"]
[White "Wang, Justin"]
[Black "Cordova, Emilio"]
[Result "1/2-1/2"]
[WhiteTitle "FM"]
[BlackTitle "GM"]
[WhiteElo "2377"]
[BlackElo "2609"]
[WhiteFideId "30911370"]
[BlackFideId "3801497"]
[EventDate "2018.10.23"]

1. e4 c5 2. Nf3 Nc6 3. d4 cxd4 4. Nxd4 Qb6 5. Nb3 e6 6. Nc3 Nf6 7. a3 a6 8. Be3
Qc7 9. f4 d6 10. Bd3 b5 11. O-O Bb7 12. Qf3 Be7 13. Qh3 Rc8 14. Bf2 Nb8 15. Rae1
Nbd7 16. Nd4 g6 17. Kh1 e5 18. Nde2 O-O 19. Bh4 Qd8 20. Bg5 exf4 21. Nxf4 Rc5
22. Bh6 Re8 23. Nfd5 Bxd5 24. exd5 Ne5 25. Be3 Rc8 26. Bd4 Qd7 27. Qe3 Nfg4 28.
Qf4 Bf6 29. Be2 Bg7 30. Bxg4 Nxg4 31. Bxg7 Rxe1 32. Rxe1 Kxg7 33. Ne4 Re8 34.
Rf1 f5 35. Ng5 Nf6 36. Qh4 Kg8 37. Qd4 Qe7 38. h3 Nh5 39. Qd2 Ng3+ 40. Kg1 Nxf1
41. Kxf1 Qe5 42. c3 h6 43. Ne6 g5 44. h4 f4 45. Qd3 Rxe6 46. dxe6 Qxe6 47. hxg5
hxg5 48. Kf2 Kg7 49. Qd4+ Kg6 50. Kf3 d5 51. Kf2 Kf5 52. Qd3+ Qe4 53. Qh3+ Kg6
54. b4 Qc2+ 55. Ke1 Qf5 56. Qh8 Qf6 57. Qg8+ Kf5 58. Kd2 Qe6 59. Qh7+ Ke5 60.
Qh8+ Qf6 61. Qe8+ Kd6 62. Qc8 Ke5 63. Qe8+ Kf5 64. Qd7+ Qe6 65. Qh7+ Qg6 66.
Qd7+ 1/2-1/2

[Event "SPICE Cup Open 2018"]
[Site "Saint Louis USA"]
[Date "2018.10.26"]
[Round "6.10"]
[White "Kiewra, Keaton"]
[Black "Chandra, Akshat"]
[Result "1/2-1/2"]
[WhiteTitle "IM"]
[BlackTitle "GM"]
[WhiteElo "2375"]
[BlackElo "2471"]
[WhiteFideId "2019280"]
[BlackFideId "25006711"]
[EventDate "2018.10.23"]

1. Nf3 c5 2. c4 Nc6 3. Nc3 g6 4. e3 Nf6 5. d4 cxd4 6. exd4 d5 7. Bg5 Be6 8. Bxf6
exf6 9. c5 Bg7 10. Be2 O-O 11. O-O g5 12. Bb5 Bg4 13. Bxc6 bxc6 14. b4 f5 15. b5
Bxf3 16. Qxf3 Bxd4 17. Rac1 Qf6 18. Ne2 Be5 19. bxc6 d4 1/2-1/2

[Event "SPICE Cup Open 2018"]
[Site "Saint Louis USA"]
[Date "2018.10.26"]
[Round "6.11"]
[White "Wang, Kevin"]
[Black "Peng, David"]
[Result "1-0"]
[WhiteTitle "IM"]
[BlackTitle "FM"]
[WhiteElo "2447"]
[BlackElo "2341"]
[WhiteFideId "2008424"]
[BlackFideId "2059355"]
[EventDate "2018.10.23"]

1. d4 Nf6 2. Bg5 d5 3. Nd2 Nbd7 4. Ngf3 g6 5. c4 c6 6. e3 Bg7 7. Bd3 O-O 8. h3
Qe8 9. cxd5 Nxd5 10. e4 Nc7 11. Qc2 Ne6 12. Be3 Nf6 13. O-O b6 14. b4 Bb7 15. a4
Rb8 16. a5 Nd7 17. axb6 axb6 18. Ra7 Qc8 19. Bc4 Nc7 20. Bg5 Re8 21. Qb3 e6 22.
Bf4 Bf8 23. Ne5 Nxe5 24. Bxe5 Ra8 25. Rxa8 Bxa8 26. f4 b5 27. Be2 Na6 28. f5
Nxb4 29. fxg6 fxg6 30. Rxf8+ 1-0

[Event "SPICE Cup Open 2018"]
[Site "Saint Louis USA"]
[Date "2018.10.26"]
[Round "6.12"]
[White "Ostrovskiy, Aleksandr"]
[Black "Yanayt, Eugene"]
[Result "1-0"]
[WhiteTitle "IM"]
[BlackTitle "FM"]
[WhiteElo "2423"]
[BlackElo "2137"]
[WhiteFideId "2034239"]
[BlackFideId "2020165"]
[EventDate "2018.10.23"]

1. d4 Nf6 2. Bf4 g6 3. Nc3 c5 4. d5 d6 5. e4 Bg7 6. Bb5+ Bd7 7. a4 O-O 8. Nf3
Na6 9. O-O Nc7 10. Bxd7 Nxd7 11. Re1 a6 12. Qd3 Rb8 13. a5 b5 14. axb6 Rxb6 15.
b3 Nb5 16. Bd2 Nd4 17. Ra2 Nxf3+ 18. Qxf3 c4 19. bxc4 Qc8 20. Na4 Rb7 21. Qe2
Qc7 22. c5 Nxc5 23. Nxc5 Qxc5 24. Qxa6 Rb6 25. Qd3 Bd4 26. Qe2 Rb7 27. g3 Rfb8
28. c3 Bf6 29. Qd3 Rb2 30. Rea1 Rxa2 31. Rxa2 Kg7 32. Ra6 Rb2 33. Rc6 Qa7 34.
Qe3 Qxe3 35. Bxe3 Rc2 36. c4 Bb2 37. c5 dxc5 38. Bxc5 Re2 39. Be3 Ba3 40. Kf1
Ra2 41. Bd4+ f6 42. Ra6 Kf7 43. Bc3 h5 44. Kg2 h4 45. gxh4 1-0

[Event "SPICE Cup Open 2018"]
[Site "Saint Louis USA"]
[Date "2018.10.26"]
[Round "6.13"]
[White "Williams, Justus"]
[Black "Ghazarian, Kirk"]
[Result "1-0"]
[WhiteTitle "FM"]
[WhiteElo "2344"]
[BlackElo "2222"]
[WhiteFideId "2049929"]
[BlackFideId "30908604"]
[EventDate "2018.10.23"]

1. d4 d5 2. c4 c6 3. Nc3 Nf6 4. cxd5 cxd5 5. Nf3 Nc6 6. Bf4 a6 7. Ne5 Bd7 8. e3
e6 9. Be2 Nxe5 10. Bxe5 Be7 11. O-O O-O 12. Rc1 Rc8 13. Qb3 b5 14. Bd3 b4 15.
Nb1 Qa5 16. a3 Ba4 17. axb4 Bxb4 18. Qa2 Bb5 19. Qxa5 Bxa5 20. Bxb5 axb5 21. Na3
b4 22. Nb5 Ne4 23. Nd6 Rxc1 24. Rxc1 Nd2 25. Nb7 Nb3 26. Rc6 Ra8 27. h4 h5 28.
Bd6 f6 29. Kh2 Ra7 30. Rc8+ Kf7 31. Nxa5 Nxa5 32. Bxb4 Nc4 33. Bc5 Rb7 34. b4
Nb2 35. Ra8 Nd3 36. Ra2 Rb8 37. Kg3 Nxb4 38. Ra7+ Kg6 39. Re7 Nd3 40. Rxe6 Rb2
41. f3 Ne1 42. e4 Rxg2+ 43. Kf4 Nd3+ 44. Ke3 Nc1 45. f4 Re2+ 46. Kf3 dxe4+ 47.
Rxe4 Rd2 48. Re1 Nd3 49. Rg1+ Kf5 50. Ke3 Nxc5 51. Kxd2 Ne6 52. Ke3 Nxf4 53.
Rxg7 Ng6 54. d5 Nxh4 55. d6 Ke6 56. d7 Nf5+ 57. Kf4 1-0

[Event "SPICE Cup Open 2018"]
[Site "Saint Louis USA"]
[Date "2018.10.26"]
[Round "6.14"]
[White "Narayanan, Samrug"]
[Black "Wang, Tianqi"]
[Result "1-0"]
[WhiteElo "2145"]
[BlackElo "2346"]
[WhiteFideId "30914051"]
[BlackFideId "2063824"]
[EventDate "2018.10.23"]

1. e4 c6 2. d4 d5 3. e5 Bf5 4. h4 h5 5. Bd3 Bxd3 6. Qxd3 e6 7. Bg5 Qa5+ 8. Nd2
Qa6 9. c4 Nd7 10. Ngf3 Ne7 11. O-O Nf5 12. Qc3 dxc4 13. Nxc4 Nb6 14. Ne3 Ne7 15.
Nd2 Ned5 16. Qb3 Qa4 17. Qxa4 Nxa4 18. Nxd5 cxd5 19. Rfc1 Kd7 20. b3 Nb6 21. a4
a6 22. Rc2 Rc8 23. Rac1 Ba3 24. Rxc8 Rxc8 25. Rxc8 Nxc8 26. Kf1 Na7 27. Ke2 Nc6
28. Be3 Na5 29. Kd3 Bb4 30. Kc2 Nc6 31. Nf3 f6 32. Bf4 Ke7 33. Kd3 Kf7 34. Bg3
Kg6 35. Bf4 Kf5 36. Bg3 Ba3 37. Bh2 Bb2 38. Bg3 Nb4+ 39. Ke3 Bc1+ 40. Ke2 Ke4
41. exf6 gxf6 42. Bd6 Nc6 43. Bc5 Bh6 44. Nd2+ Bxd2 45. Kxd2 f5 46. f3+ Kf4 47.
Bd6+ e5 48. Bxe5+ 1-0